| 000 | 00318nam a2200109Ia 4500 | ||
|---|---|---|---|
| 008 | 220204s9999 xx 000 0 und d | ||
| 082 |
_a330.1 _bHER |
||
| 100 | _aHerman, Edward S | ||
| 245 | 0 | _aTriumph of the market : Essays on economics, politics, and the media | |
| 260 |
_aBoston _bSouth End Press _c1995 |
||
| 942 | _cBK | ||
| 999 |
_c41361 _d41361 |
||